Text book of commercial geography (Record no. 5377)

MARC details
000 -LEADER
fixed length control field 00474cam a2200181ua 4500
001 - CONTROL NUMBER
control field 6230
005 - DATE AND TIME OF LATEST TRANSACTION
control field 20260515114021.0
008 - FIXED-LENGTH DATA ELEMENTS--GENERAL INFORMATION
fixed length control field 131129n ii |||gr||||Z||||||eng
040 ## - CATALOGING SOURCE
Transcribing agency MAIN
082 ## - DEWEY DECIMAL CLASSIFICATION NUMBER
Classification number 910
245 ## - TITLE STATEMENT
Title Text book of commercial geography
Statement of responsibility, etc. By Amrit Phukan
260 ## - PUBLICATION, DISTRIBUTION, ETC.
Place of publication, distribution, etc. Calcutta:
Name of publisher, distributor, etc. Bani prakasan,
Date of publication, distribution, etc. 1967.
300 ## - PHYSICAL DESCRIPTION
Extent x,328p.
653 ## - INDEX TERM--UNCONTROLLED
Uncontrolled term Geography & travel
653 ## - INDEX TERM--UNCONTROLLED
Uncontrolled term Text book of commercial geography
700 ## - ADDED ENTRY--PERSONAL NAME
Personal name Phukan,Amrit,
Relator term Author.
942 ## - ADDED ENTRY ELEMENTS (KOHA)
Koha item type Books
Holdings
Withdrawn status Lost status Damaged status Not for loan Home library Current library Shelving location Date acquired Total checkouts Full call number Barcode Date last seen Copy number Price effective from Koha item type
        Naharkatiya College Library Naharkatiya College Library General stacks 09/19/2020   910 | PHU 14027 09/19/2020 1 09/19/2020 Books